Quick Pick: Monsters Quiz Stats

Quiz Updated Oct 29, 2017

Challenge
Share
Tweet
Embed
Score 0/15 Timer 01:00
0 Plays Today
% Correct
Werewolf
84.8%
Cyclops
84%
Mummy
83.8%
Vampire
81.8%
Zombie
78.4%
Siren
77.3%
Minotaur
76.8%
Frankenstein's Monster
75.7%
% Correct
Poltergeist
72.3%
Hydra
70.8%
Banshee
70.5%
Cerberus
68.1%
Sphinx
67.9%
Demon
66.9%
Kelpie
46.4%

Today's Daily Dose

You're not logged in!

Compare scores with friends on all Sporcle quizzes.
Join for Free
OR
Log In

You Might Also Like...

Show Comments

Extras

Top Quizzes Today


Score Distribution

Your Account Isn't Verified!

In order to create a playlist on Sporcle, you need to verify the email address you used during registration. Go to your Sporcle Settings to finish the process.

Report this User

Report this user for behavior that violates our Community Guidelines.

Details: